[Event "EU-Cup 21st"]
[Site "Saint Vincent"]
[Date "2005.09.22"]
[Round "5.2"]
[White "Efimenko, Zahar"]
[Black "Avrukh, Boris"]
[Result "1-0"]
[WhiteElo "2643"]
[BlackElo "2652"]
[Annotator "Avrukh,B"]
[PlyCount "109"]
[EventDate "2005.09.18"]
[EventType "team-swiss"]
[EventRounds "7"]
[EventCountry "ITA"]
[SourceTitle "CBM 110"]
[Source "ChessBase"]
[SourceDate "2006.01.31"]
[SourceVersion "1"]
[SourceVersionDate "2006.01.31"]
[SourceQuality "1"]
[WhiteTeam "Werder Bremen"]
[BlackTeam "Beer Sheva"]
[WhiteTeamCountry "GER"]
[BlackTeamCountry "ISR"]

1. e4 e5 2. Bc4 Nf6 3. d3 Nc6 4. Nf3 Bc5 5. c3 {Recently a fashionable line,
which has gained popularity thanks to the games of Tiviakov.} a6 6. Bb3 Ba7 7.
O-O d6 8. Be3 O-O 9. Nbd2 Ne7 10. Nh4 ({Stronger than} 10. Bxa7 Rxa7 {because
after} 11. Nh4 {Black has} g5 $1) 10... Be6 {Lately I started to play 1...e5
and in the present game I faced the system, which, telling the truth, was
never studied carefully by myself. Actually I believe that I played this game
decently till some point, but I paid my price mostly due to the lack of
experience in this line.} ({After the game I spent some hours studying this
line more carefully and in general I came to conclusion that} 10... Bxe3 {
should be Black's best option here.} 11. fxe3 Kh8 ({Worse is} 11... Ng6 12. Nf5
(12. Nxg6 hxg6 13. Qe1 $14) 12... c6 13. d4 $14 {1/2-1/2 Barua,D-Sasikiran,K/
Nagpur IND 2002/The Week in Chess 376 (43)}) 12. Qf3 Neg8 13. Nf5 g6 14. Ng3
Kg7 15. h3 Be6 16. Rf2 Qe7 17. Raf1 Nd7 {1/2-1/2 Cabrera,A-Gustafsson,J/Dos
Hermanas 2004/EXT 2005 (63) and lately on Black equalised with accurate play.})
11. Bxa7 {The point of White's strategy. Now Blacks R is badly placed on the
a7 square, while White starts his play in the centre. Still I believe Black's
position is very solid and he should be able to hold the balance.} Rxa7 12. f4
exf4 13. Rxf4 d5 $146 {A logical novelty, which clearly improves upon} (13...
Bxb3 14. Qxb3 Ng6 15. Nxg6 hxg6 16. d4 {(1-0 Giaccio,A-Estremera Panos,S/
Havana CUB 2005/The Week in Chess 549 (57)). with a pleasant edge for White.})
14. d4 (14. e5 Nd7 15. Ndf3 h6 (15... c5 16. Ng5 $1 {looks dangerous for Black.
}) 16. Qe1 c5 (16... g5 17. Qg3) 17. d4 Qb6 {would still led to the same kind
of play.}) 14... c5 ({Premature would be} 14... dxe4 $6 15. Nxe4 Nxe4 16. Rxe4
Nd5 17. Qf3 {with a clear advantage for White.}) 15. e5 (15. dxc5 Qc7 $132 {
[%csl Gc5,Gf4]}) 15... Nd7 16. Bc2 (16. Qh5 Qb6 $1) 16... cxd4 ({Black has no
time for} 16... Qb6 $143 17. Ndf3 Qxb2 {because White manages to launch a
serious initiative with the typical} 18. Bxh7+ $1 Kxh7 19. Ng5+ Kg8 (19... Kh6
{loses after} 20. Rb1 Qxa2 21. Qc1 $3 {[%csl Gc1,Gh6]}) 20. Qh5 Qxa1+ (20...
Qc2 {[%csl Gh7]} 21. Rf2 Qd3 22. Rd1 $18) 21. Rf1 Qxf1+ 22. Kxf1 Re8 $1 (22...
Rc8 23. Qh7+ Kf8 24. Qh8+ Ng8 25. c4 $3 {with crushing attack} dxc4 26. Ng6+
fxg6 27. Nxe6+ Ke7 28. Qxg7+ Kxe6 29. d5+ $18) 23. Nxe6 g6 $8 24. Qg4 $16) 17.
cxd4 f5 $5 {During the game I felt that the white attack might be very
dangerous without the text move, but in fact Black could have played calmly} (
17... Qb6 18. Ndf3 {looks very dangerous, but after} (18. Nb3 a5 $1 $132 (18...
Nxe5 $6 19. Bxh7+ Kxh7 20. Qh5+ Kg8 21. Qxe5 {clearly better for White.}) 19.
Qh5 h6 {very unclear}) 18... Qxb2 (18... Rc8 19. Ng5 Nf8 20. Nxe6 fxe6 21. Qe2
$16) 19. Ng5 ({Now} 19. Bxh7+ {doesn't work} Kxh7 20. Ng5+ Kh6 $1 21. Rb1 Qxa2
22. Qc1 $140 ({and White has to force a draw} 22. Ra1 Qb2 23. Rb1 Qa2 $11)
22... Rc8 $1) (19. Rb1 Qxa2 20. Ng5 g6 21. Bb3 Qa5) 19... g6 $1 {it's not so
clear how White can develop his attack.} (19... h6 20. Qd3 (20. Rb1 Qc3 21. Rb3
Qc4 22. Bh7+ Kh8 23. Bd3 Qc6) 20... Qxa1+ 21. Rf1 Qxf1+ 22. Kxf1 Ng6 23. Nxg6
fxg6+ 24. Kg1 Bf5 25. Qb3 $16)) 18. exf6 $6 {In my opinion this capture
significantly eases Black's task.} ({After} 18. Ndf3 h6 19. Qe1 Rf7 20. Qg3 Qb6
{Black is doing fine.}) ({Stronger looks} 18. Qh5 Qb6 {[%cal Ob6b2,Gd7e5]} (
18... g6 19. Qg5 Nc6 20. Qg3 $16) 19. Nb3 Raa8 20. g4 {though I don't see any
decisive continuation after} Rac8 $1 21. Bxf5 Nxf5 22. Nxf5 Bxf5 23. gxf5 Nxe5
$132) 18... Rxf6 19. Rxf6 Nxf6 20. Qe2 {White still keeps some pressure, but
Black has all chances to equalise.} Bg4 21. Qe3 Nc6 (21... Ra8 22. h3 Bd7 23.
Rf1 $14) 22. h3 (22. Nf5 Nb4 23. Bb1 Ra8 $11) 22... Bc8 23. Ndf3 b5 (23... b6 {
more or less the same.}) 24. Ne5 Rc7 25. Rc1 Na5 $6 ({The straightforward} 
25... Nxe5 $1 26. dxe5 Ne4 {would led Black a comfortable equality after.} 27.
Nf3 Be6 28. Nd4 Qc8 29. Qf4 h6 $1) 26. b3 Nb7 $1 {[%cal Gb7d6] The point of my
previous move.} 27. Bd3 ({In case of} 27. Bf5 $5 Rxc1+ 28. Qxc1 Nd6 29. Bxc8
Qxc8 30. Qc5 Qxc5 31. dxc5 Nde4 {Black should be able to hold.}) 27... Nd6 28.
Rf1 Nde4 29. Nhf3 Rc3 $6 ({Stronger was} 29... b4 $1 30. Ng5 $140 Nc3 $1 {
and Black is not worse.}) 30. Ng5 b4 31. Nxe4 dxe4 $4 {Being short of time I
completely forgot about White's 33th move.} ({After the correct} 31... Nxe4 32.
Qf4 Nf6 33. Qh4 Qd6 {White is slightly better, but Black has good chances to
hold.}) 32. Bc4+ Kf8 33. Qxe4 $18 {Now it's over, Black is absolutely lost.}
Rc1 34. Qf4 Rxf1+ 35. Kxf1 Bb7 36. Nd3 ({Even stronger would be} 36. Nf7 $1 Qe7
37. Ng5 {[%cal Gg5e6,Gg5h7]}) 36... a5 37. Qe5 Bd5 38. Nc5 Bxc4+ 39. bxc4 Qc8
40. Qe6 {The best practical decision.} Qxe6 41. Nxe6+ Ke7 42. Nc5 $18 {The
rest doesn't require any special comments.} Nh5 43. Kf2 Nf4 44. Kf3 g5 45. h4
h6 46. g3 Nh3 47. hxg5 hxg5 48. g4 Nf4 49. Ke3 Nh3 50. d5 Nf4 51. Kd4 Ne2+ 52.
Ke5 Nc1 53. d6+ Kf7 54. Nb7 Nd3+ 55. Ke4 1-0

[Event "EU-ch 15th"]
[Site "Yerevan"]
[Date "2014.03.13"]
[Round "10"]
[White "Iordachescu, Viorel"]
[Black "Bartel, Mateusz"]
[Result "1/2-1/2"]
[WhiteElo "2583"]
[BlackElo "2662"]
[Annotator "Bartel,M"]
[PlyCount "116"]
[EventDate "2014.03.03"]
[EventType "swiss"]
[EventRounds "11"]
[EventCountry "ARM"]
[SourceTitle "CBM 160"]
[Source "ChessBase"]
[SourceDate "2014.05.15"]
[SourceVersion "1"]
[SourceVersionDate "2014.05.15"]
[SourceQuality "1"]

{This game was played in the 10th round of the EU championship in a so-called
must-win situation. Both players were at +3 at that moment and even 1.5/2
could be isufficient to qualify for the World Cup.} 1. e4 e5 2. Bc4 Nf6 3. d3
Nc6 4. Nf3 Bc5 5. c3 a6 6. Bb3 Ba7 7. Nbd2 {White is trying to delay short
castling, to see what Black would do. In such positions early castling can be
met with quick counter-action like h6-g5.} h6 8. h3 d6 9. Nf1 Be6 {This set up
- Ba7, d6, Be6 - isn't the most common for Black. At the same time it's
absolutely ok and has some pluses - Black still keeps an option to castle long,
which sometimes can be really useful.} 10. Ng3 (10. Bxe6 fxe6 11. Qb3 Qc8 {
seems to be ok for Black.}) 10... Qd7 {Up to now both sides were playing more
or less normal moves. Starting from now my opponent became a bit over
optimistic and his position quickly became much worse.} 11. Ba4 $6 ({A more
natural move was} 11. Qe2 O-O 12. O-O Rfe8 13. Be3 $11) 11... b5 12. Bb3 {
Well, White's plan, to force Black to play ...b5, was just a waste of time.} d5
13. exd5 $6 ({Another option was} 13. O-O O-O 14. Qe2 Rad8 {with a more or
less equal position, however I prefer Black.}) 13... Nxd5 14. O-O O-O 15. Re1
Rae8 $1 $15 {I was very proud of this move, as it protects the e5-square, not
weakening the position.} (15... Rfe8 {was much worse, as White can take the
pawn:} 16. Nxe5 Nxe5 17. Rxe5 Nxc3 $2 18. bxc3 Bxb3 19. Rxe8+ {with check!})
16. a4 (16. Qe2 $2 Nf4) ({Playing} 16. Bd2 {would mean he needed to calculate
lines like this:} Nf4 $5 17. Bxf4 exf4 18. Ne2 $6 (18. Ne4 Bf5) 18... Bxh3 $1
$40) 16... b4 $1 17. a5 $2 {This is a positional mistake. At the first sight
it seems that White has good prospects on the a4-e8 diagonal, but in fact, it
is Black who gains a pawn for almost nothing.} (17. Qc2 $1 {was better:} Nf6 {
(to protect the e5-pawn)} (17... a5 18. Bc4 f6 19. Bb5 $14) (17... Rb8 18. Bc4
Rfe8 {what would lead to an extremely complex position:} 19. Nxe5 Nxe5 20. Rxe5
bxc3 21. bxc3 Nxc3 22. Rxe6 Rxe6 23. Bxe6 fxe6) 18. Bxe6 Rxe6 $15) 17... bxc3
18. Ba4 f6 $2 ({Too safe. Much better was} 18... Rb8 $1 {, but it requires
serious calculations:} 19. Nxe5 Qd6 20. Nxc6 cxb2 21. Rb1 bxc1=Q 22. Rxc1 Qxg3
23. Nxa7 Qg5 {and pressure on the kingside provides Black an advantage - it
seems that White will lose at least his h3-pawn.}) ({There was also the
interesting option to play} 18... Bxh3 $5 {, but I didn't take it too
seriously during the game. However, it was worth checking, e.g. :} 19. Bxc6 (
19. gxh3 $2 Qxh3 20. Bxc6 cxb2 $1 21. Bxb2 Nf4 22. Nh2 e4 $1 23. Bxe4 Qxg3+ 24.
Kh1 Bxf2 $19) 19... Qxc6 20. gxh3 Nf4 (20... Qg6 $5 21. Kf1 Qe6 22. Ng1 (22.
Kg2 $2 cxb2 23. Bxb2 Nf4+ $19) 22... Bd4 23. bxc3 Bxc3 24. Ba3 Ne7 {and Black
is better}) (20... cxb2 $6 21. Bxb2 Nf4 22. Bxe5 Nxh3+ 23. Kg2 Bxf2 $13) 21.
Bxf4 exf4 22. Ne4 c2 23. Qc1 f5 24. Ned2 Re3 $1 $40) 19. Ne4 $1 {This strong
move keeps the tension on.} c2 $5 {It was my idea when I played 18...f6.} 20.
Qxc2 Ncb4 21. Qd1 $2 {This is too passive and Black keeps an advantage.} ({
He had to play} 21. Qc4 $1 c6 {and now after} 22. d4 {White would be
absolutely ok.}) 21... c6 $15 {Now Black is better again, mainly because of
d3-pawn, which should be weak forever (or until it dissapear). To make any
progress Black needs to re-group his forces and for the next few moves this is
what I was trying to do.} 22. Bb3 Rd8 23. Ra3 Rfe8 24. Bc4 Nc7 (24... Nf4 {
was also an option.}) 25. Qb3 Nbd5 26. Ra1 $6 ({There was no reason to
withdraw the rook without it being attacked, so something like} 26. Bd2 {
was slightly more logical.}) 26... Rb8 27. Qd1 Red8 $1 $17 {Now all the black
pieces are well posted, so we are about to see some action.} 28. b3 Nb4 29. Be3
Bxe3 30. Rxe3 Bxc4 31. bxc4 Nxd3 {So, after some logical moves Black has got a
pawn up. The position is close to winning, but because of the weakened
structure on the kingside, there can potentially appear some difficulties.} 32.
Nh4 Nf4 33. Qc2 Nce6 {Here I was sure, that the game must be over soon.} 34.
Rg3 {Creating some threats.} Ng5 $2 {Too slow. It was the moment to strike.} (
34... Qd4 $1 {was very attractice, but it's always difficult to give up a pawn
in front of your own king. After} 35. Nxf6+ (35. Re1 $2 Rb2) (35. Rf1 Ng5 $19)
35... Kf7 36. Rf1 (36. Qf5 Qxa1+ 37. Kh2 Rd1 $19) 36... Kxf6 37. Rg6+ Kf7 38.
Qf5+ Kg8 39. Rxe6 Ne2+ 40. Kh2 Qxh4 {Black would be winning.}) 35. Re1 Nfe6 $2
({For the second time in a row, I chose not the most concrete move. It was
better to play} 35... Qd4 {with the obvious idea ...Rb2. However, I missed
that after} 36. Nf5 Qb2 37. Nxh6+ {Black has the simple} Kf8 $1 38. Qxb2 Rxb2 {
with a winning position as the white position is too "hanging".}) 36. Nf5 Nxe4
37. Qxe4 Ng5 38. Qc2 ({Being short on time my opponent didn't play} 38. Nxh6+ {
which represented a good chance. After} gxh6 39. h4 {I'd be forced to play} f5
$8 40. Qe2 f4 41. Rg4 Qf5 {and Black would still be better.}) 38... Qd2 $1 {
After a few blunders, I have finally chosen the right way to cash in on my
advantage.} 39. Nxh6+ Kf8 40. Qxd2 Rxd2 $17 41. Nf5 {Now Black is much better,
because the doubled rooks on the second rank are seriously powerful.
Unfortunately, it's not that easy to win it and I even didn't manage to pose
real problems to my opponent.} Rbb2 $2 (41... Ne6 {was much better.}) 42. h4 $2
({White had a great chance to play the simple} 42. Nxg7 $1 {. Now Black must
play} Rxf2 {and after} 43. Nh5 (43. Rd1 $5) 43... Rxg2+ {does not work because
of} 44. Rxg2 Nf3+ 45. Kf1 Rxg2 46. Re3 Rg5 47. Rxf3 Rxh5 48. Rxf6+ $11) 42...
Ne6 $17 {Now, again, Black is much better, if not winning.} 43. Rf3 Kf7 $6 (
43... c5 $5 {was better, slowly preparing progress. Having the pawn on c5
Black has a very simple plan - to play Rdc2. The pawn on c5 would allow him to
meet any counterplay on the d-file with ...Nd4!}) 44. c5 Nxc5 $2 ({Not for the
first time I played very carelessly. The most tempting} 44... Nd4 45. Nxd4 exd4
46. Rf4 {gave White some chances to save the endgame.}) ({But the paradoxical} 
44... Kf8 $1 {would keep the advantage. Why should Black put his king back to
f8? The explanation is simple - to prepare ...Rb5. The funny thing here is
that White has nothing he can do, so Black can do what he wants.}) 45. Rc1 Rdc2
$2 ({The final mistake. I should have played} 45... Rb5 $1 {and after} 46. Rfc3
Nb3 47. R1c2 Rxc2 48. Rxc2 Rc5 49. Rb2 Rc3 {Black would have every chance to
win the endgame.}) 46. Rxc2 Rxc2 47. h5 $1 {Now Black is a pawn up, but White
has serious counterplay against the g7-pawn.} e4 (47... Ne6 48. Rb3) (47... Rb2
48. Rc3) 48. Rg3 Ne6 49. Nd6+ Ke7 50. Nf5+ Kf7 51. Nd6+ ({At first sight} 51.
Nxg7 $2 {could be very strong, but this time it' does not work:} Nxg7 52. h6
Nf5 53. h7 $2 (53. Rg7+ $1 {would give some chances to hold the rook endgame
after} Kf8 54. Rg6 Nxh6 55. Rxh6 Kg7) 53... Nxg3 54. h8=Q Rc1+ 55. Kh2 Rh1+ $19
) 51... Kf8 52. Nxe4 Rc1+ 53. Kh2 Rc4 54. Re3 {Now the material is equal, so
in a few moves we agreed to a draw.} Nc7 55. g3 Ra4 56. h6 Rxa5 57. hxg7+ Kxg7
58. Rc3 Re5 1/2-1/2

[Event "Krasnodar"]
[Site "Krasnodar"]
[Date "1995.??.??"]
[Round "3"]
[White "Beshukov, Sergei"]
[Black "Aleksandrov, Aleksej"]
[Result "1-0"]
[WhiteElo "2500"]
[BlackElo "2510"]
[Annotator "Belov,I"]
[PlyCount "82"]
[EventDate "1995.??.??"]
[EventType "tourn"]
[EventRounds "9"]
[EventCountry "RUS"]
[EventCategory "9"]
[SourceTitle "CBM 047 Extra"]
[Source "ChessBase"]
[SourceDate "1995.09.01"]
[SourceVersion "1"]
[SourceVersionDate "1995.09.01"]
[SourceQuality "1"]

1. e4 e5 2. Nf3 Nc6 3. Bc4 Bc5 4. c3 Nf6 5. d3 a6 6. Bb3 Ba7 7. Nbd2 O-O 8. O-O
(8. h3 d5 9. O-O dxe4 10. Nxe4 h6 11. a4 Nxe4 12. dxe4 Qf6 13. Nh2 Qg6 14. Qf3
Na5 15. Ba2 Be6 $10 {Komljakov,V-Aleksandrov,A/Nikolaev zt/1995/0,5/66/}) 8...
d6 9. h3 Ne7 (9... h6 10. Re1 Nh5 11. Nf1 Qf6 12. Be3 Nf4 13. Bxa7 Rxa7 14. Ne3
Be6 $10 {Ivanov,V-Rausis,I/Moskow/1992/0:1/32/}) (9... Be6 10. a4 Qd7 11. Nc4
h6 12. Be3 Rfe8 13. Re1 Bxe3 14. Rxe3 Rad8 $10 {Grosor,A-Gyimesi,Z/Mitropa Cup/
1995/0,5/73/}) 10. Re1 Ng6 11. Nf1 h6 12. Ng3 Bd7 (12... Be6 13. d4 Qc8 14. Bc2
Re8 15. Be3 c5 16. Qd2 Qc7 17. d5 $14 {Sutovskij,E-Goldin,A/Rishon le Zion YM/
1995/0,5/77/}) (12... Re8 13. d4 Bd7 14. Be3 Bc6 15. Bc2 exd4 16. Bxd4 Nf4 17.
Bxa7 Rxa7 18. Nd4 $14 {Dolmatov,S-Razuvaev,Y/Tashkent/1980/1:0/86/}) 13. d4 Qe8
14. Nh2 $5 (14. Be3 $14) 14... Rd8 15. Ng4 Nxg4 16. hxg4 exd4 17. cxd4 c5 18.
g5 $1 hxg5 19. Bxg5 cxd4 (19... Rc8 20. Nf5 Be6 21. Qh5 $36) 20. Qh5 $1 (20.
Bxd8 Qxd8 21. Nf5 Qf6 $14) 20... Be6 21. Nf5 Bxb3 (21... Qd7 22. Nxg7 Kxg7 23.
Qh6+ Kg8 24. Bf6 $18) 22. Bf6 $1 Qe6 (22... gxf6 23. Qh6 $18) (22... Be6 23.
Nxg7 Qd7 24. Qh6 Rfe8 25. Nh5 $18) 23. Bxg7 Bc2 24. Qh6 Rd7 (24... Rfe8 25. Bh8
$18) 25. Bxf8 f6 (25... Nxf8 26. Qg7#) 26. Bxd6 (26. Qxg6+ Kxf8 27. Rac1 d3 $16
) 26... Qe8 (26... Ne5 27. Qf8+ Kh7 28. Bc5 Bxc5 29. Qxc5 d3 30. Re3 $18) 27.
Be7 $1 Qf7 (27... Rxe7 28. Qxg6+ Qxg6 29. Nxe7+ Kf7 30. Nxg6 Kxg6 31. Rac1 d3
32. Rxc2 dxc2 33. Rc1 $18) 28. Qd2 Qe6 (28... Ba4 29. Nh6+ $18) 29. Qxc2 Nxe7
30. Qb3 Qxb3 31. Nxe7+ Kf7 32. axb3 Kxe7 33. Red1 $18 Ke6 34. Ra5 Rc7 35. Rh5
Rc2 36. Rh7 Ke5 37. Re7+ Kf4 38. Rd3 Bb8 39. g3+ Kg4 40. Kg2 Be5 41. Rg7+ Kh5 (
41... Kh5 42. Rg8 Rxb2 43. g4+ Kh6 44. Rh3#) 1-0